Saving sickly children (Record no. 28401)
[ view plain ]
| 000 -LEADER | |
|---|---|
| fixed length control field | 01807nam a2200361 a 4500 |
| 082 04 - DEWEY DECIMAL CLASSIFICATION NUMBER | |
| Classification number | 362.196/995 |
| 100 1# - MAIN ENTRY--AUTHOR NAME | |
| Personal name | Connolly, Cynthia A. |
| 245 10 - TITLE STATEMENT | |
| Title | Saving sickly children |
| 260 ## - PUBLICATION, DISTRIBUTION, ETC. (IMPRINT) | |
| Place of publication | New Brunswick, N.J. : |
| Name of publisher | Rutgers University Press, |
| Year of publication | c2008. |
| 300 ## - PHYSICAL DESCRIPTION | |
| Number of Pages | xiii, 182 p. : |
| Other physical details | ill. |
| 490 1# - SERIES STATEMENT | |
| Series statement | Critical issues in health and medicine |
| 505 0# - FORMATTED CONTENTS NOTE | |
| Formatted contents note | Child-saving in the United States -- Tuberculosis: a children's disease -- Founding the preventorium -- The preventorium goes nationwide -- Science and the preventorium -- Tuberculosis in the "world of tomorrow" -- Conclusion: saving children, yesterday, today, and tomorrow. |
| 650 #0 - SUBJECT ADDED ENTRY--TOPICAL TERM | |
| Topical Term | Tuberculosis in children |
| Topical Term | Tuberculosis |
| Topical Term | Children |
| 856 40 - ELECTRONIC LOCATION AND ACCESS | |
| Uniform Resource Identifier | http://site.ebrary.com/lib/rucke/Doc?id=10264152 |
No items available.
